000 00819nas a2200277 4500
001 BR2012000815
003 BR-BrBNA
005 20231205120115.0
007 ta
008 230509b bl.|||p| |||| 00| 00por d
040 _aBR-BrBNA
_bpor
_cBiblioteca Nacional de Agricultura
041 _a(Pt)
072 _aL74
100 1 _aSilva, L.C.S. da
100 1 _aLange, R.R.
100 1 _aSouza, R.S. de
100 1 _aKieras Júnior, A.
245 1 _aCarcinoma de células escamosas em tucano-toco (Ramphastos toco): Relato de Caso
650 _aAVE SELVAGEM
650 _aCARCINOMA
650 _aNEOPLASIA
650 _aTUMOR
773 0 _tA Hora Veterinária (Brazil)
_xISSN 0101-9163
_g(Jan-Feb 2012), v. 31(185) p. 44-47
_wBR2012000815
909 _a202311
_bLúcia
_c55
_dLúcia Elande
942 _2AGRIS
_n0
_cANA
999 _c217080
_d217080